[Event "Open"]
[Site "Kavala GRE"]
[Date "2007.08.11"]
[Round "8"]
[White "Parligras,M"]
[Black "Khukhashvili,S"]
[Result "1-0"]
[WhiteElo "2542"]
[BlackElo "2392"]

1.d4 Nf6 2.c4 e6 3.Nf3 b6 4.g3 Ba6 5.Qc2 Bb7 6.Bg2 c5 7.d5 exd5 8.cxd5 Nxd5
9.O-O Be7 10.Rd1 Nf6 11.Nc3 O-O 12.e4 Nc6 13.e5 Ne8 14.Nd5 Nb4 15.Nxe7+ Qxe7
16.Qf5 Qe6 17.Qb1 h6 18.Nd4 cxd4 19.Bxb7 Rd8 20.Rxd4 Qxe5 21.Be3 Qc7 22.Be4 Nc6
23.Rd2 Nf6 24.Bf4 d6 25.Bg2 Ne5 26.Qf5 Qe7 27.Rad1 Rfe8 28.b3 Qe6 29.Qc2 d5
30.Re2 Qc6 31.Qxc6 Nxc6 32.Red2 Ne4 33.Rxd5 Rxd5 34.Rxd5 Nc3 35.Rd2 Re1+
36.Bf1 Ra1 37.a4 Ne4 38.Rd7 Nc5 39.Rc7 Nd4 40.Kg2 Nde6 41.Rxa7 Nxf4+ 42.gxf4 Nxb3
43.Ra8+ Kh7 44.Bd3+ g6 45.Ra7 Nc5 46.Rxf7+ Kg8 47.Bxg6 Rxa4 48.f5 Nd3 49.Kg3 Ra3
50.Re7 Ne5+ 51.Kg2 Ra5 52.h4 Rc5 53.f4 Rc2+ 54.Kg3 Rc3+ 55.Kg2 Rc2+ 56.Kf1 Ng4
57.Ke1 Rh2 58.h5 b5 59.Rb7 Rb2 60.Rb8+ Kg7 61.Rb7+ Kg8 62.Bf7+ Kh8 63.Rb8+ Kh7
64.Bg8+ Kg7 65.Be6 Nf6 66.Rb7+ Kh8 67.Rf7 Nxh5 68.f6 Ng3 69.Rf8+ Kh7 70.f7  1-0

[Event "Open"]
[Site "Callao PER"]
[Date "2007.08.13"]
[Round "8"]
[White "Avalos Parra,J"]
[Black "Cotrina Moscoso,W"]
[Result "1-0"]
[WhiteElo "2267"]
[BlackElo "2183"]

1.d4 Nf6 2.c4 e6 3.Nf3 b6 4.g3 Ba6 5.Qb3 Be7 6.Bg2 O-O 7.O-O c6 8.Nc3 d5
9.cxd5 cxd5 10.Bf4 Nc6 11.Qa4 Bb7 12.Rfc1 a6 13.Qd1 b5 14.a4 b4 15.Nb1 Qb6
16.a5 Qa7 17.Nbd2 Rac8 18.Nb3 Ne4 19.Ne1 Rfd8 20.Nd3 Nd6 21.Bxd6 Bxd6 22.Ndc5 Rc7
23.f4 g6 24.e3 Rb8 25.h4 Bc8 26.Bf1 Kg7 27.Bd3 Ra8 28.Qe2 f5 29.Kf2 Bf8 30.Rc2 Kf7
31.Rac1 Nd8 32.Na4 Rxc2 33.Qxc2 Bd7 34.Nb6 Rb8 35.Qc7 Rb7 36.Qxd8 Be7 37.Qh8 h5
38.Qh7+ Kf6 39.Qh8+ Kf7 40.Nc8 Bxc8 41.Rxc8  1-0

[Event "Open"]
[Site "Callao PER"]
[Date "2007.08.14"]
[Round "9"]
[White "Salazar,C"]
[Black "Cotrina Moscoso,W"]
[Result "1-0"]
[WhiteElo "2215"]
[BlackElo "2183"]

1.d4 Nf6 2.c4 e6 3.Nf3 b6 4.g3 Ba6 5.Nbd2 Be7 6.Bg2 c6 7.O-O O-O 8.Qc2 d5
9.b3 Nbd7 10.e4 Rc8 11.Re1 Nxe4 12.Nxe4 dxe4 13.Qxe4 c5 14.Bb2 Bf6 15.Rad1 Qc7
16.Qb1 Rfd8 17.d5 exd5 18.Rxd5 Bxb2 19.Qxb2 Nf6 20.Rde5 Bb7 21.Nh4 Bxg2 22.Nxg2 Kf8
23.Nf4 Rd7 24.Qe2 Qd8 25.Qf3 Rcc7 26.g4 Re7 27.g5 Rxe5 28.Rxe5 Rd7 29.gxf6  1-0

[Event "17th Chess Festival"]
[Site "Abu Dhabi UAE"]
[Date "2007.08.16"]
[Round "5"]
[White "Salem,AR"]
[Black "Sattarov,F"]
[Result "1/2-1/2"]
[WhiteElo "2218"]
[BlackElo "2357"]

1.d4 Nf6 2.c4 e6 3.Nf3 b6 4.g3 Ba6 5.Qc2 c6 6.Bg2 Bb4+ 7.Nbd2 O-O 8.O-O d5
9.Rd1 Qc8 10.b3 c5 11.Bb2 Nbd7 12.e4 cxd4 13.exd5 e5 14.a3 Bd6 15.Nh4 g6
16.b4 Bb7 17.Rac1 a5 18.Qb3 Qd8 19.Nhf3 axb4 20.axb4 Qe7 21.Nxd4 exd4 22.Re1 Qd8
23.Bxd4 Rb8 24.Qa4 b5 25.Qb3 bxc4 26.Nxc4 Bxd5 27.Bxd5 Bxb4 28.Bxf6 Nxf6
29.Red1 Nxd5 30.Qf3 Rb5 31.Ne5 Qf6 32.Qd3 Nc3 33.Nd7 Qf5 34.Rxc3 Qxd3 35.Rcxd3 Rc8
36.Rd5  1/2-1/2

[Event "Romanian Open"]
[Site "Predeal ROM"]
[Date "2007.08.16"]
[Round "7"]
[White "Nanu,C"]
[Black "Perunovic,Mio"]
[Result "1-0"]
[WhiteElo "2507"]
[BlackElo "2368"]

1.d4 Nf6 2.Nf3 e6 3.c4 b6 4.g3 Ba6 5.b3 Bb4+ 6.Bd2 Be7 7.Bg2 c6 8.Bc3 d5
9.Ne5 Ne4 10.O-O Nxc3 11.Nxc3 O-O 12.Rc1 Bb7 13.cxd5 cxd5 14.Na4 Bf6 15.f4 Na6
16.Qd2 Qd6 17.Nc3 Nc7 18.Rc2 a6 19.Rfc1 Rac8 20.e3 Be7 21.Na4 Na8 22.Nc5 bxc5
23.dxc5 Qc7 24.c6 Ba3 25.cxb7 Qxb7 26.Rxc8 Rxc8 27.Rxc8+ Qxc8 28.e4 Qc5+
29.Kf1 Nb6 30.exd5 Nxd5 31.Bxd5 exd5 32.Qd3 f6 33.Nf3 Qd6 34.Qf5 g6 35.Qc8+ Kg7
36.Nd4 Kh6 37.Qh3+ Kg7 38.Qe6 Qc7 39.Qxd5 Qc1+ 40.Kg2 Qd2+ 41.Kh3 Qf2 42.Ne6+ Kf7
43.Ng5+ Ke7 44.Qf7+  1-0

[Event "Open"]
[Site "Ptuj SLO"]
[Date "2007.08.17"]
[Round "7"]
[White "Jeraj,Z"]
[Black "Roskar,R"]
[Result "0-1"]
[WhiteElo "2094"]
[BlackElo "2279"]

1.d4 Nf6 2.c4 e6 3.Nf3 b6 4.g3 Ba6 5.Qc2 Bb4+ 6.Bd2 Be7 7.Bg2 c6 8.O-O d5
9.Ne5 Nfd7 10.Nxd7 Nxd7 11.cxd5 cxd5 12.Nc3 O-O 13.Qa4 Bb7 14.e4 Nf6 15.e5 Nd7
16.Rac1 a6 17.Qd1 b5 18.Qg4 Kh8 19.Rfe1 b4 20.Ne2 Qb6 21.Nf4 Rfe8 22.Bf1 Nf8
23.Nh5 Ng6 24.Bd3 Rec8 25.h4 Rxc1 26.Bxc1 Bf8 27.Bxg6 fxg6 28.Nf4 Re8 29.h5 gxh5
30.Qxh5 Bc6 31.Be3 Kg8 32.Kg2 g6 33.Qg4 Bg7 34.Rh1 Qb7 35.Nd3 Qf7 36.Nxb4 Bb5
37.a4 Bc4 38.Bg5 Rf8 39.Bf4 Rb8 40.b3 Bxb3 41.Nxa6 Re8 42.Nc5 Bc2 43.Qe2 Bf5
44.a5 Bf8 45.Rc1 Rb8 46.a6 h6 47.Nb7 g5 48.g4 Be4+ 49.f3 Qxf4 50.Rc7 Qxg4+
51.Kf2 Qh4+ 52.Ke3 Qf4+ 53.Kf2 g4 54.a7 Ra8 55.Nd6 Bxf3 56.Qe1 g3+ 57.Kg1 Qxd4+
58.Kf1 g2+  0-1

[Event "20th Open"]
[Site "Panevezys LTU"]
[Date "2007.08.18"]
[Round "1"]
[White "Dambrauskas,V"]
[Black "Petrovs,A"]
[Result "1-0"]
[WhiteElo "2336"]
[BlackElo "1789"]

1.d4 Nf6 2.c4 e6 3.Nf3 b6 4.g3 Ba6 5.Qa4 Be7 6.Bg2 Bb7 7.Nc3 O-O 8.O-O d5
9.Ne5 Qe8 10.Qc2 c6 11.e4 Nbd7 12.exd5 cxd5 13.Bg5 h6 14.Bxf6 Nxf6 15.cxd5 Nxd5
16.Nxd5 Bxd5 17.Bxd5 exd5 18.Qb3 Bf6 19.Rfe1 Qd8 20.Rac1 Re8 21.f4 Re6 22.Re3 Rd6
23.Rec3 Bxe5 24.fxe5 Rd7 25.Qb5 Qe7 26.Rc8+ Rxc8 27.Rxc8+ Kh7 28.Qd3+ g6
29.Qc3 Qe6 30.Qf3 Kg7 31.b4 Re7 32.Rd8 Rc7 33.Rd6 Rc1+ 34.Kf2 Rc2+ 35.Ke1 Qf5
36.Qxf5 gxf5 37.Rxd5 Rxa2 38.Rd7 Kf8 39.d5 Ke8 40.Rb7 Rb2 41.d6 Rxb4 42.Re7+ Kd8
43.Kf2 Re4 44.Rxf7 Rxe5 45.Rxa7 Rd5 46.Kf3 Rxd6 47.Kf4 Rd7 48.Ra8+ Kc7 49.Kxf5 b5
50.h4 Kc6 51.Ra6+ Kc5 52.Rxh6 b4 53.Rh8 Rb7 54.Rc8+ Kd6 55.Rc2 b3 56.Rb2 Ke7
57.Ke5 Kf7 58.Kd4 Rb8 59.Kc3 Kg6 60.Rxb3 Re8 61.g4 Re4 62.Rb4 Re1 63.Kd3 Rh1
64.Rb6+ Kg7 65.h5 Re1 66.g5 Kf7 67.Kd4 Re2 68.g6+ Kg7 69.Rb7+ Kf6 70.Rf7+ Kg5
71.g7  1-0

[Event "Open A"]
[Site "Polanica Zdroj POL"]
[Date "2007.08.19"]
[Round "3"]
[White "Sopur,L"]
[Black "Lubczynski,R"]
[Result "1-0"]
[WhiteElo "2389"]
[BlackElo "2368"]

1.d4 Nf6 2.c4 e6 3.Nf3 b6 4.g3 Ba6 5.b3 Bb4+ 6.Bd2 Be7 7.Bg2 c6 8.Ne5 d5
9.O-O Nfd7 10.Nd3 O-O 11.a4 dxc4 12.Nb4 Bb7 13.bxc4 Qc7 14.Nd3 e5 15.d5 cxd5
16.cxd5 e4 17.Nf4 Nf6 18.Nc3 Na6 19.Rc1 Qe5 20.Qc2 Rac8 21.Qb1 Ba3 22.Nxe4 Bxc1
23.Nxf6+ Qxf6 24.Bxc1 Nc5 25.Bb2 Qh6 26.Bd4 Nxa4 27.Qa2 b5 28.Bxa7 Nc3 29.Qb2 Rc4
30.e4 Qa6 31.Bd4 Rxd4 32.Qxc3 Qb6 33.Qe3 Qc5 34.Rc1 Qa7 35.Bf1 Re8 36.e5 Rc8
37.e6 Ra4 38.exf7+  1-0

[Event "17th Chess Festival"]
[Site "Abu Dhabi UAE"]
[Date "2007.08.20"]
[Round "9"]
[White "Pantsulaia,L"]
[Black "Ibrahimov,R"]
[Result "1/2-1/2"]
[WhiteElo "2611"]
[BlackElo "2504"]

1.d4 Nf6 2.c4 e6 3.Nf3 b6 4.g3 Ba6 5.Qc2 Bb7 6.Bg2 c5 7.d5 exd5 8.cxd5 Nxd5
9.O-O Be7 10.Ne5 Qc7 11.Qe4 Bc6 12.Nxc6 dxc6 13.Nc3 Nf6 14.Qc2 O-O 15.e4 Nbd7
16.f4 Rfd8 17.Qe2 Rab8 18.e5 Ne8 19.Ne4 Nf8 20.b3 Ne6 21.f5 Nd4 22.Qg4 f6
23.exf6 Nxf6 24.Bf4 Nxg4 25.Bxc7 Ne3 26.f6 gxf6 27.Bxb8 Nxf1 28.Bxa7 Ne3
29.Bxb6 Ra8 30.Nc3 Kf7 31.Re1 Nxg2 32.Kxg2 Nb5 33.Na4 c4  1/2-1/2

[Event "Independence Cup A"]
[Site "Kyiv UKR"]
[Date "2007.08.20"]
[Round "8"]
[White "Zontakh,A"]
[Black "Pavlov,S2"]
[Result "1/2-1/2"]
[WhiteElo "2545"]
[BlackElo "2415"]

1.d4 Nf6 2.c4 e6 3.Nf3 b6 4.g3 Ba6 5.Qc2 c5 6.d5 exd5 7.cxd5 d6 8.Nc3 g6
9.Bf4 Bg7 10.Qa4+ Qd7 11.Qxd7+ Kxd7 12.Bg2 Ke7 13.e4 Nfd7 14.e5 Nxe5 15.Nxe5 dxe5
16.d6+ Kd7 17.Bxa8 exf4 18.O-O-O Bd4 19.gxf4 Kxd6 20.Rhe1 Nd7 21.Bf3 Rc8
22.Be2 Bxe2 23.Nxe2 Nb8 24.Nxd4 cxd4+ 25.Kd2 Nc6 26.Rc1 Rd8 27.Rc2 Kd5 28.b4 Nxb4
29.Rc7 a5 30.a3 Kd6 31.Rxf7 Nd5 32.f5 gxf5 33.Rxh7 Nc3 34.f3 Kd5 35.Kd3 Na4
36.Rf7 Nc5+ 37.Kd2 Rh8 38.Rxf5+ Kc4 39.Rc1+ Kb3 40.Rb1+ Kxa3 41.Rxb6 Rxh2+  1/2-1/2

[Event "20th Open"]
[Site "Panevezys LTU"]
[Date "2007.08.21"]
[Round "5"]
[White "Beinoras,M"]
[Black "Novikovas,A"]
[Result "1-0"]
[WhiteElo "2223"]
[BlackElo "1887"]

1.d4 Nf6 2.c4 e6 3.Nf3 b6 4.g3 Ba6 5.Qa4 Bb7 6.Bg2 c5 7.dxc5 Bxc5 8.O-O O-O
9.Nc3 Be7 10.Rd1 Na6 11.Bf4 Nc5 12.Qc2 Nce4 13.Ne5 Nxc3 14.Bxb7 Nxd1 15.Rxd1 d5
16.cxd5 exd5 17.e4 Rc8 18.Nc6 Rc7 19.Bxc7 Qxc7 20.Nxe7+ Qxe7 21.Bxd5 Ng4
22.h3 Ne5 23.Kg2 g5 24.Rf1 Ng6 25.Qc3 h6 26.Rc1 h5 27.Qc7 Qb4 28.Qxa7 Qxb2
29.Rc6 Ne5 30.Qxb6 Qe2 31.Rf6 Nd3 32.Rg6+ Kh7 33.Rh6+ Kg7 34.Qf6+  1-0

[Event "20th Open"]
[Site "Panevezys LTU"]
[Date "2007.08.22"]
[Round "6"]
[White "Traczewski,W"]
[Black "Aleksandravicius,D"]
[Result "1/2-1/2"]
[WhiteElo "1961"]
[BlackElo "1790"]

1.d4 Nf6 2.c4 e6 3.Nf3 b6 4.g3 Ba6 5.b3 Bb4+ 6.Bd2 Be7 7.Bg2 Bb7 8.O-O O-O
9.Bc3 d5 10.Nbd2 Nbd7 11.Qc2 c5 12.Rad1 Qc7 13.dxc5 Qxc5 14.Bd4 Qc7 15.Qb2 Rac8
16.Rc1 Qb8 17.Ne5 Nxe5 18.Bxe5 Qa8 19.Rfd1 Rfd8 20.Bd4 dxc4 21.Bxb7 Qxb7
22.Nxc4 h6 23.Rd2 Rd5 24.Ne3 Rd7 25.Rxc8+ Qxc8 26.Bxf6  1/2-1/2

[Event "zt 3.2"]
[Site "Dhaka BAN"]
[Date "2007.08.24"]
[Round "2"]
[White "Deepan,C"]
[Black "Rohit,G"]
[Result "1/2-1/2"]
[WhiteElo "2479"]
[BlackElo "2470"]

1.d4 Nf6 2.c4 e6 3.Nf3 b6 4.g3 Ba6 5.b3 Bb4+ 6.Bd2 Be7 7.Bg2 c6 8.Bc3 d5
9.Ne5 Nfd7 10.Nxd7 Nxd7 11.Nd2 O-O 12.O-O Rc8 13.e4 c5 14.exd5 exd5 15.dxc5 dxc4
16.c6 cxb3 17.Re1 b2 18.Bxb2 Nc5 19.Nc4 Bxc4 20.Qg4 Bg5 21.Qxc4 Nd3 22.Be5 Nxe1
23.Rxe1 Bf6 24.Bxf6 Qxf6 25.c7 Qd6 26.Rc1 b5 27.Qc2 g6 28.Bb7 Rfe8 29.h4 h5
30.Kf1 b4 31.Qc6 Qxc6 32.Rxc6 Kf8  1/2-1/2

[Event "Dato Arthur Tan Malaysian Op"]
[Site "Kuala Lumpur MAS"]
[Date "2007.08.25"]
[Round "9"]
[White "Ton That Nhu Tung"]
[Black "Nolte,R"]
[Result "1/2-1/2"]
[WhiteElo "2247"]
[BlackElo "2396"]

1.d4 Nf6 2.Nf3 e6 3.c4 b6 4.g3 Ba6 5.b3 Bb4+ 6.Bd2 Be7 7.Bg2 c6 8.Ne5 d5
9.Bc3 Nfd7 10.Nxd7 Nxd7 11.Nd2 O-O 12.O-O Rc8 13.Re1 b5 14.e4 bxc4 15.bxc4 dxc4
16.Qa4 Bb5 17.Qc2 Re8 18.a4 Ba6 19.Rad1 Rb8 20.Bf1 Bb4 21.Bxc4 Bxc4 22.Nxc4 Qc7
23.Qd2 Bf8 24.Rb1 h6 25.Ba5 Qc8 26.Rxb8 Qxb8 27.Qc2 Qc8 28.Rb1 Qa6 29.Bc7 Rc8
30.Bf4 Nf6 31.Ne3 Rd8 32.Be5 Nd7 33.Bf4 Nf6 34.Rb8 Rxb8 35.Bxb8 Qb6 36.Be5 Nd7
37.Nc4 Qb4 38.Bc7 Qb7 39.Bd6 Bxd6 40.Nxd6 Qb6 41.Nc8 Qxd4 42.Ne7+ Kh7 43.Nxc6 Qb6
44.a5 Qc7 45.e5+ g6 46.Qe4 Nc5 47.Qf3 a6 48.h4 h5 49.Qf6 Ne4 50.Qf4 Qxc6
51.Qxf7+ Kh8  1/2-1/2

[Event "Kalamaria Open"]
[Site "Thessaloniki GRE"]
[Date "2007.08.29"]
[Round "6"]
[White "Timoshenko,G"]
[Black "Parligras,M"]
[Result "1/2-1/2"]
[WhiteElo "2559"]
[BlackElo "2542"]

1.d4 Nf6 2.c4 e6 3.Nf3 b6 4.g3 Ba6 5.b3 Bb4+ 6.Bd2 Be7 7.Bg2 c6 8.Bc3 d5
9.Ne5 Nfd7 10.Nxd7 Nxd7 11.O-O O-O 12.Nd2 Nf6 13.Re1 Rb8 14.e4  1/2-1/2

[Event "15th Open"]
[Site "Nikea GRE"]
[Date "2007.08.30"]
[Round "9"]
[White "Sismanis,A"]
[Black "Sgouros,A"]
[Result "1/2-1/2"]
[WhiteElo "2183"]
[BlackElo "1918"]

1.d4 Nf6 2.c4 e6 3.Nf3 b6 4.g3 Ba6 5.Nbd2 Bb7 6.Bg2 c5 7.e4 cxd4 8.Nxd4 d6
9.O-O Qd7 10.Qe2 a6 11.b3 Be7 12.Bb2 O-O 13.f4 Rd8 14.Rad1 Qc7 15.Kh1 Nc6
16.g4 Nxd4 17.Bxd4 e5 18.Bb2 h6 19.Qf3 Rf8 20.fxe5 dxe5 21.g5 hxg5 22.Qf5 Bc8
23.Bxe5 Bxf5 24.Bxc7 Bg4 25.Rde1 Bb4 26.Rf2 Bc5 27.Rff1 Bb4 28.Rf2  1/2-1/2

[Event "2nd Women's"]
[Site "Baku AZE"]
[Date "2007.09.05"]
[Round "2"]
[White "Javakhishvili,L"]
[Black "Cmilyte,V"]
[Result "1-0"]
[WhiteElo "2460"]
[BlackElo "2467"]

1.d4 Nf6 2.c4 e6 3.Nf3 b6 4.g3 Ba6 5.Qc2 c5 6.d5 exd5 7.cxd5 Bb7 8.Bg2 Nxd5
9.O-O Be7 10.Rd1 Qc8 11.Qf5 Nf6 12.Nc3 Na6 13.e4 g6 14.Qf4 Nc7 15.b3 O-O
16.Bb2 Ne6 17.Qe3 Ng4 18.Qd2 d6 19.Nd5 Bxd5 20.exd5 Ng7 21.h3 Nf6 22.Re1 Bd8
23.g4 Nfe8 24.Qh6 f6 25.Re2 Qd7 26.Rae1 a6 27.Nh4 Qf7 28.Be4 f5 29.Bg2 Ra7
30.Nf3 fxg4 31.hxg4 Bf6 32.Ng5 Bxg5 33.Qxg5 Nf6 34.f4 h6 35.Qh4 h5 36.Bf3 Nxd5
37.gxh5 Nxf4 38.Re7 Ne2+ 39.R1xe2 Qxf3 40.Bxg7 gxh5 41.Kh2 Qf1  1-0

[Event "XXII Open"]
[Site "Parla ESP"]
[Date "2007.09.05"]
[Round "5"]
[White "Epishin,V"]
[Black "Gonzalez Somoza,O"]
[Result "1-0"]
[WhiteElo "2587"]
[BlackElo "2343"]

1.d4 Nf6 2.c4 e6 3.Nf3 b6 4.g3 Ba6 5.Qb3 Nc6 6.Nbd2 Bb7 7.e3 d5 8.Qd1 Bb4
9.Bg2 O-O 10.O-O Na5 11.cxd5 Bxd5 12.a3 Bxd2 13.Nxd2 Bxg2 14.Kxg2 Qd5+ 15.Qf3 Qxf3+
16.Kxf3 Rfd8 17.b4 Nb7 18.Nc4 Nd7 19.Bb2 c5 20.bxc5 bxc5 21.Rab1 Nb6 22.Rfc1 Rac8
23.Nxb6 axb6 24.dxc5 Nxc5 25.Bd4 Na4 26.Rxc8 Rxc8 27.Rb4 Ra8 28.Bxb6 Nxb6
29.Rxb6 f5 30.Rxe6 Kf7 31.Rd6 Rxa3 32.Kf4 Ra5 33.h4 h6 34.h5 Rb5 35.f3 Ra5
36.g4 fxg4 37.fxg4 Rb5 38.e4 Ra5 39.e5 Ra1 40.Rd7+ Kf8 41.Kf5 Ra6 42.Rd6 Ra4
43.Ke6 Kg8 44.Ke7 Rxg4 45.e6 Ra4 46.Rd8+ Kh7 47.Kf7 Rf4+ 48.Ke8 g5 49.e7  1-0

[Event "4th LGA Premium Cup"]
[Site "Nuernberg GER"]
[Date "2007.09.07"]
[Round "2"]
[White "Gofshtein,Z"]
[Black "Schneider,Dav"]
[Result "0-1"]
[WhiteElo "2541"]
[BlackElo "2199"]

1.d4 Nf6 2.Nf3 e6 3.c4 b6 4.g3 Ba6 5.b3 Bb4+ 6.Bd2 Be7 7.Nc3 d5 8.cxd5 exd5
9.Bg2 O-O 10.O-O c6 11.Qc2 Re8 12.Rae1 Nbd7 13.Bf4 Rc8 14.a3 Bf8 15.Qb2 h6
16.Rd1 Qe7 17.b4 Ne4 18.Bh3 g5 19.Be3 Nd6 20.Qc2 Bg7 21.Bc1 Bb7 22.Bb2 Ra8
23.a4 a6 24.e3 b5 25.a5 Rad8 26.Nd2 Nf6 27.Na2 Bc8 28.Bxc8 Rxc8 29.Nc1 Nc4
30.Nd3 Ne4 31.Nxe4 Qxe4 32.Qe2 Bf8 33.Nc5 Bxc5 34.dxc5 Nxb2 35.Qxb2 Qf3 36.Rd4 Re6
37.Qc2 Rce8 38.Qd1 Qxd1 39.Rfxd1 Kg7 40.Kf1 Re4 41.Ke2 f5 42.Kd3 g4 43.f3 gxf3  0-1

[Event "XXII Open"]
[Site "Parla ESP"]
[Date "2007.09.08"]
[Round "8"]
[White "Gonzalez Somoza,O"]
[Black "Adan Bermudez,S"]
[Result "1-0"]
[WhiteElo "2343"]
[BlackElo "1991"]

1.d4 Nf6 2.c4 e6 3.Nf3 b6 4.g3 Ba6 5.Qb3 Nc6 6.Bd2 Ne4 7.Bg2 Nxd2 8.Nbxd2 Na5
9.Qa4 Bb7 10.e4 c5 11.d5 Be7 12.a3 exd5 13.cxd5 Rc8 14.O-O a6 15.b4 cxb4
16.axb4 Nc4 17.b5 Nxd2 18.Nxd2 a5 19.Qd4 O-O 20.d6 Bg5 21.f4 Bh6 22.Nc4 Rc5
23.Nxa5 Ba8 24.Nc4 g6 25.Rxa8 Rxc4 26.Qxc4 Qxa8 27.Qc7 Qb8 28.Qxd7 Rd8 29.Qc7 Qxc7
30.dxc7 Rc8 31.Rc1 Bf8 32.e5  1-0

[Event "2nd Women's"]
[Site "Baku AZE"]
[Date "2007.09.10"]
[Round "7"]
[White "Cramling,P"]
[Black "Javakhishvili,L"]
[Result "1/2-1/2"]
[WhiteElo "2533"]
[BlackElo "2460"]

1.d4 Nf6 2.Nf3 e6 3.c4 b6 4.g3 Ba6 5.Qa4 Bb7 6.Bg2 c5 7.O-O cxd4 8.Nxd4 Bxg2
9.Kxg2 Qc8 10.Rd1 Be7 11.Nc3 O-O 12.Ndb5 Qc6+ 13.f3 Rc8 14.Bf4 Ne8 15.Rac1 a6
16.Nd4 Qb7 17.e4 d6 18.Be3 Nd7 19.Qb3 Ne5 20.Na4 Rab8 21.Ne2 Rc6 22.Nd4 Rcc8
23.Ne2 Rc6 24.Nd4 Rcc8  1/2-1/2

[Event "3rd Geller mem Open A"]
[Site "Odessa UKR"]
[Date "2007.09.15"]
[Round "8"]
[White "Kiselev,Vit2"]
[Black "Lutsko,I"]
[Result "0-1"]
[WhiteElo "2509"]
[BlackElo "2418"]

1.d4 Nf6 2.c4 e6 3.Nf3 b6 4.g3 Ba6 5.b3 Bb7 6.Bg2 Bb4+ 7.Bd2 a5 8.O-O O-O
9.Qc2 c5 10.Rd1 Na6 11.Nc3 cxd4 12.Nxd4 Bxg2 13.Kxg2 Rc8 14.Qb2 Qe7 15.Na4 Ba3
16.Qb1 Bc5 17.Nf3 h6 18.Bc3 Rfd8 19.Qb2 Ne8 20.e4 Rb8 21.Qe2 Ba3 22.Bd4 Bc5
23.Rd2 Nec7 24.Rad1 f6 25.e5 f5 26.Qe3 Bxd4 27.Nxd4 b5 28.cxb5 Nxb5 29.Nxb5 Rxb5
30.Qa7 Nb8 31.Qc7 f4 32.f3 Qg5 33.Nc5 Rf8 34.Rf2 h5 35.a4 Rb4 36.Ne4 Qg6
37.Qc2 Qf5 38.Nc5 fxg3 39.hxg3 h4 40.Qxf5 Rxf5 41.Re2 hxg3 42.Kxg3 Nc6 43.Rxd7 Nxe5
44.Rd8+ Kf7 45.Re3 Rbf4 46.Rxe5 Rxf3+ 47.Kg4 Rxe5 48.Kxf3 Rxc5 49.Rb8 Kf6
50.Ke4 g5 51.Rf8+ Ke7 52.Rb8 Rf5 53.Rg8 Kf7 54.Rb8 g4 55.Rc8 Kf6 56.Rg8 Rg5
57.Rf8+ Ke7 58.Rf2 g3 59.Rg2 Kd6 60.Kf4 Rg8 61.Kf3 Kc5 62.Rc2+ Kb4 63.Kg2 Kxb3
64.Re2 Kxa4 65.Rxe6 Ra8 66.Kxg3 Kb3 67.Re3+ Kc2 68.Re7 a4 69.Rc7+ Kb2 70.Rb7+ Kc3
71.Rc7+ Kb4 72.Rb7+ Ka5 73.Rb1 a3 74.Kf3 a2 75.Rg1 Kb4  0-1

[Event "17th Senior WCh"]
[Site "Gmunden AUT"]
[Date "2007.09.19"]
[Round "3"]
[White "Butnorius,A"]
[Black "Chehlov,A"]
[Result "1-0"]
[WhiteElo "2394"]
[BlackElo "2208"]

1.d4 Nf6 2.c4 e6 3.Nf3 b6 4.g3 Ba6 5.b3 Bb4+ 6.Bd2 Be7 7.Bg2 c6 8.Bc3 d5
9.Nbd2 O-O 10.O-O Nbd7 11.Re1 b5 12.c5 Bb7 13.b4 Qc8 14.Ne5 Bd8 15.e4 dxe4
16.Nxe4 Nxe4 17.Bxe4 Nf6 18.Bc2 Nd5 19.Qd3 g6 20.h4 Bf6 21.h5 Qc7 22.Bd2 Rad8
23.Qe2 Bg7 24.hxg6 hxg6 25.Rad1 Bc8 26.Kg2 Bd7 27.Rh1 Be8 28.Qg4 f5 29.Qh4 Nf6
30.Bg5 Rd5 31.Bb3 Qd8 32.Bxf6 Rxf6 33.Qf4 a5 34.a3 a4 35.Bxd5 Qxd5+ 36.Qf3 g5
37.Qxd5 exd5 38.Rde1 Kf8 39.Nf3 Rg6 40.Rh5 Bf6 41.Re6 Kf7 42.Rd6 Kg7 43.Ne5 Bxe5
44.dxe5 Rxd6 45.exd6  1-0

[Event "17th Senior WCh"]
[Site "Gmunden AUT"]
[Date "2007.09.25"]
[Round "8"]
[White "Shestoperov,A"]
[Black "Farago,I"]
[Result "1/2-1/2"]
[WhiteElo "2397"]
[BlackElo "2501"]

1.d4 Nf6 2.Nf3 e6 3.c4 b6 4.g3 Ba6 5.b3 d5 6.cxd5 exd5 7.Bg2 Bd6 8.O-O O-O
9.Nc3 Nbd7 10.Re1 Re8 11.a3 Bb7  1/2-1/2

[Event "17th Senior WCh"]
[Site "Gmunden AUT"]
[Date "2007.09.26"]
[Round "9"]
[White "Onat,I"]
[Black "Titz,Hei"]
[Result "1/2-1/2"]
[WhiteElo "2355"]
[BlackElo "2236"]

1.d4 Nf6 2.c4 e6 3.Nf3 b6 4.g3 Ba6 5.Qa4 c5 6.Bg2 Bb7 7.dxc5 Bxc5 8.Nc3 O-O
9.O-O Be7 10.Rd1 Na6 11.Be3 Nc5 12.Qc2 Qc8 13.Rac1 d5 14.cxd5 Nxd5 15.Bd4 Rd8
16.b3 Nb4 17.Qb2 Nc6 18.Be3  1/2-1/2

[Event "George Trundle NZ IM"]
[Site "Auckland NZL"]
[Date "2007.09.27"]
[Round "6"]
[White "Conquest,S"]
[Black "Croad,N"]
[Result "1-0"]
[WhiteElo "2546"]
[BlackElo "2308"]

1.d4 Nf6 2.c4 e6 3.Nf3 b6 4.g3 Ba6 5.b3 Bb4+ 6.Bd2 Be7 7.Nc3 d5 8.cxd5 exd5
9.Bh3 c5 10.O-O Nbd7 11.Bf4 O-O 12.Rc1 h6 13.dxc5 Nxc5 14.Nd4 Bc8 15.Bg2 Bb7
16.Nf5 Re8 17.Nb5 Qd7 18.Nbd6 Bxd6 19.Nxd6 Re7 20.Nxb7 Qxb7 21.Bd6 Re6 22.Bxc5 bxc5
23.Rxc5 Qe7 24.Rc2 Rd8 25.Qd3 d4 26.Rfc1 Qa3 27.Bf3 Ree8 28.Rd1 Qa5 29.Qc4 Ne4
30.Qc7 Qf5 31.Bxe4 Qxe4 32.Rcd2 Qg4 33.Qc4 Rc8 34.Qa4 Rxe2 35.Rxd4 Qf3 36.Rf4 Qb7
37.h4 Rcc2 38.Qa5 Re8 39.Kh2 Qb6 40.Qxb6 axb6 41.Rd7 Ree2 42.Kg2 f6 43.a4 Re3
44.b4 Ra3 45.b5 Kh7 46.Rg4 h5 47.Rdxg7+ Kh8 48.Rg8+ Kh7 49.R4g7+ Kh6 50.Rg6+ Kh7
51.R8g7+ Kh8 52.Ra7 f5 53.Rxb6 Rc8 54.Rh6+ Kg8 55.b6  1-0

[Event "KNSB TCh-NED 2007-8"]
[Site "Netherlands NED"]
[Date "2007.10.06"]
[Round "2"]
[White "Goormachtigh,J"]
[Black "Hoeksema,E"]
[Result "0-1"]
[WhiteElo "2245"]
[BlackElo "2373"]

1.d4 Nf6 2.c4 e6 3.Nf3 b6 4.g3 Ba6 5.Qa4 Bb7 6.Bg2 c5 7.dxc5 bxc5 8.O-O Be7
9.Nc3 O-O 10.Bf4 Qb6 11.Rfd1 d5 12.Ne5 d4 13.Bxb7 Qxb7 14.Qb5 Qc8 15.Na4 Ne8
16.Nd3 Nd7 17.Qb3 f6 18.e4 e5 19.Bd2 Rb8 20.Qc2 Nd6 21.f3 f5 22.exf5 Rxf5
23.Rf1 Qc6 24.Rae1 Rbf8 25.b3 Rxf3 26.Rxf3 Qxf3 27.Naxc5 Nxc5 28.Nxc5 Qf2+
29.Kh1 Bg5 30.Nd3 Qf3+ 31.Kg1 Ne4  0-1

[Event "Open"]
[Site "Winterthur SUI"]
[Date "2007.10.06"]
[Round "2"]
[White "Nabavi,P"]
[Black "Jenni,F"]
[Result "0-1"]
[WhiteElo "2166"]
[BlackElo "2511"]

1.d4 Nf6 2.c4 e6 3.Nf3 b6 4.g3 Ba6 5.b3 b5 6.cxb5 Bxb5 7.Bg2 Bc6 8.O-O a5
9.a3 Be7 10.Nbd2 O-O 11.Bb2 Qc8 12.Qc2 Qb7 13.Rfd1 Rc8 14.Bc3 Ne4 15.Nc4 a4
16.b4 Bd5 17.Ne1 Qc6 18.Ne5 Qxc3 19.Bxe4 Qxc2 20.Bxc2 d6 21.N5f3 Nd7 22.e4 Bb7
23.Rac1 Nb6 24.Bd3 Rab8 25.Rc2 c5 26.bxc5 dxc5 27.Rb1 Nd7 28.Rcb2 Bc6 29.Rxb8 Rxb8
30.Rxb8+ Nxb8 31.Nc2 c4 32.Bxc4 Bxe4 33.Nfe1 Nd7 34.Bb5 Nb6 35.f3 Bd5 36.Kf2 Bc4
37.Bc6 Bb3 38.Bb5 Nd5 39.Bc6 Nc3 40.Ke3 Nb1 41.Kd3 Nxa3 42.Nxa3 Bxa3 43.Kc3 Kf8
44.Nd3 Ke7 45.Nc5 Bxc5 46.dxc5 Bd5 47.Bxa4 Bxf3 48.Kd4 f6 49.Bb3 g5 50.Ba4 h6
51.Bc2 Bc6 52.Kc3 f5 53.Kb4 f4 54.gxf4 gxf4 55.Ka5 f3 56.Kb6 f2 57.Bd3 Bg2
58.c6 f1=Q 59.Bxf1 Bxf1 60.c7 Kd7  0-1

[Event "3rd Arctic Cup"]
[Site "Salekhard RUS"]
[Date "2007.10.08"]
[Round "1"]
[White "Kopylov,Al2"]
[Black "Salnikov,P"]
[Result "1-0"]
[WhiteElo "2328"]
[BlackElo "2146"]

1.d4 Nf6 2.c4 e6 3.Nf3 b6 4.g3 Ba6 5.b3 Bb4+ 6.Bd2 Be7 7.Bg2 c6 8.Ne5 d5
9.O-O Nfd7 10.Nxd7 Nxd7 11.Bc3 O-O 12.Nd2 Rc8 13.e4 c5 14.exd5 exd5 15.Bxd5 Nf6
16.Bg2 cxd4 17.Bb2 b5 18.cxb5 Bxb5 19.Re1 Bb4 20.Re5 Ba6 21.Nc4 Bc3 22.Bxc3 dxc3
23.Bf1 Qc7 24.Qd6 Bb7 25.Re7 Qc6 26.Qxc6 Bxc6 27.Rc1 Ra8 28.Ne3 Nd5 29.Nxd5 Bxd5
30.Rxc3 a5 31.Re5 Be6 32.Bc4 Bxc4 33.Rxc4 Ra7 34.Ra4  1-0

[Event "Open"]
[Site "Winterthur SUI"]
[Date "2007.10.08"]
[Round "4"]
[White "Schiendorfer,E"]
[Black "Jenni,F"]
[Result "0-1"]
[WhiteElo "2163"]
[BlackElo "2511"]

1.d4 Nf6 2.c4 e6 3.Nf3 b6 4.g3 Ba6 5.b3 b5 6.cxb5 Bxb5 7.Bg2 Bb4+ 8.Bd2 a5
9.a3 Bxd2+ 10.Qxd2 Bc6 11.O-O Qc8 12.Nc3 Qb7 13.Rfe1 Ne4 14.Nxe4 Bxe4 15.Qc3 O-O
16.Nh4 Bxg2 17.Nxg2 Nc6 18.Nf4 Ne7 19.e4 d6 20.Rab1 Ra7 21.Qe3 Rb8 22.h4 h6
23.Rec1 Ra6 24.Rc3 Rc6 25.d5 Rxc3 26.Qxc3 e5 27.Nd3 c6 28.Qxa5 cxd5 29.exd5 Ra8
30.Qb4 Qxd5 31.Ne1 Nf5 32.a4 Nd4 33.Qd2 Rc8 34.Rb2 f5 35.b4 f4 36.b5 fxg3
37.fxg3 Qc4 38.b6 Qxa4 39.b7 Rb8 40.Qc3 Qd7 41.Qa5 Qc6 42.Qa7 Qc7 43.Qb6 Qc3
44.Qxd6 Qxe1+ 45.Kh2 Qxg3+ 46.Kh1 Qxh4+  0-1

[Event "Open"]
[Site "Winterthur SUI"]
[Date "2007.10.13"]
[Round "9"]
[White "Hobuss,U"]
[Black "Naef,T"]
[Result "1-0"]
[WhiteElo "2416"]
[BlackElo "2093"]

1.d4 Nf6 2.c4 e6 3.Nf3 b6 4.g3 Ba6 5.Qc2 d5 6.cxd5 exd5 7.Bg2 Bd6 8.O-O O-O
9.Nc3 Re8 10.Bg5 c6 11.Rfe1 Bb4 12.Ne5 Bb7 13.e4 dxe4 14.Bxe4 h6 15.Nxf7 Qxd4
16.Rad1 Qxd1 17.Rxd1 Bxc3 18.Bxf6 Bxf6 19.Nd6 Re7 20.Nxb7 Rxb7 21.Qb3+ Kf8
22.Bh7 Ke7 23.Bg6 Kf8 24.Qe6 Na6 25.Rd7 Rxd7 26.Qxd7 Be7 27.Qe6  1-0